On kissing, tickling, and being bored : (Record no. 1438)

000 -LEADER
fixed length control field 01187nam a22003377a 4500
001 - CONTROL NUMBER
control field 4868966
003 - CONTROL NUMBER IDENTIFIER
control field OSt
005 - DATE AND TIME OF LATEST TRANSACTION
control field 20210426065405.0
008 - FIXED-LENGTH DATA ELEMENTS--GENERAL INFORMATION
fixed length control field 920610s1993 mau b 001 0 eng
010 ## - LIBRARY OF CONGRESS CONTROL NUMBER
LC control number 92020662
020 ## - INTERNATIONAL STANDARD BOOK NUMBER
International Standard Book Number 0674634624 (alk. paper)
040 ## - CATALOGING SOURCE
Original cataloging agency DLC
Transcribing agency DLC
Modifying agency DLC
Language of cataloging eng
041 ## - LANGUAGE CODE
Language code of text/sound track or separate title eng
050 00 - LIBRARY OF CONGRESS CALL NUMBER
Classification number RC509
Item number .P55 1993
080 ## - UNIVERSAL DECIMAL CLASSIFICATION NUMBER
Universal Decimal Classification number 15
Item number P-56
082 00 - DEWEY DECIMAL CLASSIFICATION NUMBER
Classification number 616.89/17
Edition number 20
100 1# - MAIN ENTRY--PERSONAL NAME
Personal name Phillips, Adam,
Dates associated with a name 1954-
245 10 - TITLE STATEMENT
Title On kissing, tickling, and being bored :
Remainder of title psychoanalytic essays on the unexamined life /
Statement of responsibility, etc. / by: Harvard University Press
260 ## - PUBLICATION, DISTRIBUTION, ETC.
Place of publication, distribution, etc. Cambridge, Mass.
Name of publisher, distributor, etc. Harvard University Press
Date of publication, distribution, etc. 1993.
300 ## - PHYSICAL DESCRIPTION
Extent viii, 138 p.
Dimensions 24 cm.
365 ## - TRADE PRICE
Price amount 19.95 usd
504 ## - BIBLIOGRAPHY, ETC. NOTE
Bibliography, etc. note Includes bibliographical references (p. [123]-129) and index.
600 10 - SUBJECT ADDED ENTRY--PERSONAL NAME
Personal name Freud, Sigmund,
Dates associated with a name 1856-1939.
600 10 - SUBJECT ADDED ENTRY--PERSONAL NAME
Personal name Winnicott, D. W.
Fuller form of name (Donald Woods),
Dates associated with a name 1896-1971.
650 #0 - SUBJECT ADDED ENTRY--TOPICAL TERM
Topical term or geographic name entry element Psychoanalysis.
650 #0 - SUBJECT ADDED ENTRY--TOPICAL TERM
Topical term or geographic name entry element Psychology
9 (RLIN) 134
653 ## - INDEX TERM--UNCONTROLLED
Uncontrolled term ფსიქოლოგია
906 ## - LOCAL DATA ELEMENT F, LDF (RLIN)
a 7
b cbc
c orignew
d 1
e ocip
f 19
g y-gencatlg
942 ## - ADDED ENTRY ELEMENTS (KOHA)
Source of classification or shelving scheme
Koha item type Books
Holdings
Withdrawn status Lost status Source of classification or shelving scheme Damaged status Not for loan Permanent location Current location Date acquired Inventory number Total Checkouts Full call number Barcode Date last seen Price effective from Koha item type
          Ken Walker International University Ken Walker International University 02/16/2021 501   15 P-56 501 02/16/2021 02/16/2021 Books

Powered by Koha